| LEADER 00000nama 2200000uu 4500 |
| 001 198114 |
| 003 ULIBM |
| 008 040531s|||| th m m a000 0 tha d |
| 020 9789749457382
|
| 041 tha
|
| 050 WB460 ก446 2550
|
| 100 รุ้งทิพย์ พันธุเมธากุล, บรรณาธิการ.
|
| 245 การจัดการทางกายภาพบำบัดโดยใช้เทคนิคการขยับเคลื่อนระบบประสาท=Physical Therapy Management by Mobilization of the Nervous System/รศ.ดร.รุ้งทิพย์ พันธุเมธากุล และผศ.ทกมล กมลรัตน์.
|
| 250 พิมพ์ครั้งที่ 1.
|
| 260 ขอนแก่น. สายวิชากายภาพบำบัด คณะเทคนิคการแพทย์ มหาวิทยาลัยขอนแก่น. 2550.
|
| 300 162 หน้า.
|
| 600 I.มหาวิทยาลัยขอนแก่น, คณะพยาบาลศาสตร์, สายวิชากายภาพบำบัด.
|
| 650 1.กายภาพบำบัด 2.ระบบปรสาท, โรค--กายภาพบำบัด.
|
| 995 001
|
| 999 ^aใช้งานได้ทุกระบบ
|